How to pay for your children's college education /

Bibliographic Details
Main Author: Krefetz, Gerald
Format: Book
Language:English
Published: New York, NY : College Entrance Examination Board, 1988.
Subjects:

MARC

Tag First Indicator Second Indicator Subfields
LEADER 00000cam a2200000 a 4500
001 in00000018007
005 20151007053126.0
008 880222s1988 nyua 00110 eng d
010 |a  87072156  
020 |a 0874472482 (pbk.) :  |c $12.95 
035 |a (OCoLC)17513686 
035 |9 AAB0487AM 
040 |a NRM  |c IEP  |d NRM  |d TXA  |d UtOrBLW 
049 |a TXAM  |c [A12610224] 
050 4 |a LB2342  |b .K73 1988 
082 0 4 |a 378/.3 
100 1 |a Krefetz, Gerald. 
245 1 0 |a How to pay for your children's college education /  |c Gerald Krefetz. 
264 1 |a New York, NY :  |b College Entrance Examination Board,  |c 1988. 
300 |a viii, 158 pages :  |b illustrations ;  |c 23 cm. 
336 |a text  |b txt  |2 rdacontent 
337 |a unmediated  |b n  |2 rdamedia 
338 |a volume  |b nc  |2 rdacarrier 
500 |a Includes index. 
650 0 |a College costs. 
999 |a MARS 
999 f f |s 83db5a00-da18-3cac-bf6f-f146b59abdf5  |i db33099b-84f6-3b35-8250-4b7412249126  |t 0 
952 f f |p normal  |a Texas A&M University  |b College Station  |c Sterling C. Evans Library  |d Evans: Library Stacks  |t 0  |e LB2342 .K73 1988  |h Library of Congress classification  |i unmediated -- volume  |m A14812610224 
998 f f |a LB2342 .K73 1988  |t 0  |l Evans: Library Stacks